| 000 | 00615 a2200181 4500 | ||
|---|---|---|---|
| 020 | _a0471978671 | ||
| 020 | _a9780471978671 | ||
| 082 | _a515.353 | ||
| 090 |
_c1675 _d1675 |
||
| 100 | 1 | _aBelleni-Morante, A. | |
| 245 | 1 | 0 |
_aApplied nonlinear semigroups : _ban introduction / _cA. Belleni-Morante, A. C. McBride. |
| 250 | _a1st ed. | ||
| 260 |
_a[S.l.] : _bWiley, _c1998. |
||
| 300 |
_a288 p. ; _c24 cm. |
||
| 700 | 1 | _aMcBride, A. C. | |
| 942 |
_aSNS _cBK _k515.353 BEL |
||
| 999 |
_c30283 _d30283 |
||